Perfiles sociodemográficos provinciales : (Registro nro. 14841)

Detalles MARC
000 -CABECERA
campo de control de longitud fija 01880nam a2200337 a 4500
001 - NÚMERO DE CONTROL
campo de control 000030264
003 - IDENTIFICADOR DEL NÚMERO DE CONTROL
campo de control DO-SdBNP
005 - FECHA Y HORA DE LA ÚLTIMA TRANSACCIÓN
campo de control 20241031130250.0
007 - CAMPO FIJO DE DESCRIPCIÓN FÍSICA--INFORMACIÓN GENERAL
campo de control de longitud fija ta
008 - DATOS DE LONGITUD FIJA--INFORMACIÓN GENERAL
campo de control de longitud fija 110505s2010 dr ||r|||||||p|| III|||
040 ## - FUENTE DE LA CATALOGACIÓN
Centro catalogador/agencia de origen DO-SdBPM
Lengua de catalogación spa
Centro/agencia transcriptor BPMSU
Normas de descripción rda
082 #4 - NÚMERO DE LA CLASIFICACIÓN DECIMAL DEWEY
Número de clasificación 304.66
Número de documento/Ítem P438s 2010
Número de edición 22
110 2# - ENTRADA PRINCIPAL--NOMBRE DE ENTIDAD CORPORATIVA
Nombre de entidad corporativa o nombre de jurisdicción como elemento de entrada República Dominicana.
Unidad subordinada Oficina Nacional de Estadística
245 10 - MENCIÓN DE TÍTULO
Título Perfiles sociodemográficos provinciales :
Resto del título Región Este /
Mención de responsabilidad, etc. Presentación, Pablo Tactuk.
264 ## - PRODUCCIÓN, PUBLICACIÓN, DISTRIBUCIÓN, FABRICACIÓN Y COPYRIGHT
Producción, publicación, distribución, fabricación y copyright Santo Domingo :
Nombre del de productor, editor, distribuidor, fabricante Oficina Nacional de Estadística (ONE),
Fecha de producción, publicación, distribución, fabricación o copyright 2010
300 ## - DESCRIPCIÓN FÍSICA
Extensión 104 páginas :
Otras características físicas ilustraciones, mapas, gráficos, tabla, (algunas col.).
Dimensiones 28 cm.
306 ## - TIEMPO DE REPRODUCCIÓN/DURACIÓN
Tiempo de reproducción/duración
336 ## - TIPO DE CONTENIDO
Término de tipo de contenido texto
Código de tipo de contenido txt
Fuente rdacontent
337 ## - TIPO DE MEDIO
Nombre/término del tipo de medio sin mediación
Código del tipo de medio n
Fuente rdamedia
338 ## - TIPO DE SOPORTE
Nombre/término del tipo de soporte volumen
Código del tipo de soporte nc
Número de control del registro de autoridad o número normalizado rdacarrier
500 ## - NOTA GENERAL
Nota general Incluye referencias bibliográficas y notas al pie de las páginas.
500 ## - NOTA GENERAL
Nota general Información estadísticas e indicadores sobre la situación demográfica, social y económica desagregadas a nivel provincial
505 0# - NOTA DE CONTENIDO CON FORMATO
Nota de contenido con formato Presentación 7 -- El Seibo 9 -- Hato Mayor 27 -- La Altagracia 41 -- La Romana 57 -- Monte Plata 73 -- San Pedro de Macorís 89
520 ## - SUMARIO, ETC.
Sumario, etc. La Oficina Nacional de Estadística (ONE) presenta una recopilación de las informaciones estadísticas de fuentes disponibles de cada una de las 32 provincias de la República Dominicana. Su aporte consiste en recoger, de manera atractiva y gráfica, una serie de informaciones relevantes presentadas tanto en valores absolutos como en porcentajes e indicadores
590 ## - NOTA LOCAL (RLIN)
Nota local Inventariado 2024 / VM
650 #4 - PUNTO DE ACCESO ADICIONAL DE MATERIA--TÉRMINO DE MATERIA
Término de materia o nombre geográfico como elemento de entrada Indicadores sociales
Subdivisión geográfica Región Este (República Dominicana: provincia )
Subdivisión de forma Estadística
651 #4 - PUNTO DE ACCESO ADICIONAL DE MATERIA--NOMBRE GEOGRÁFICO
Nombre geográfico Región Este (República Dominicana : provincias )
Subdivisión general Estadísticas demográficas
700 1# - PUNTO DE ACCESO ADICIONAL--NOMBRE DE PERSONA
Nombre de persona Tactuk, Pablo
Término indicativo de función/relación presidente
910 ## - DATOS DE OPCIÓN DEL USUARIO (OCLC)
Datos de opción del usuario VMateo V. Control de calidad. BPMSU
942 ## - ELEMENTOS DE PUNTO DE ACCESO ADICIONAL (KOHA)
Fuente del sistema de clasificación o colocación Dewey Decimal Classification
Tipo de ítem Koha Libros
Existencias
Estado de retiro Estado de pérdida Fuente del sistema de clasificación o colocación No para préstamo Código de colección Localización permanente Ubicación/localización actual Fecha de adquisición Total de préstamos Signatura topográfica completa Código de barras Fecha visto por última vez Precio válido a partir de Tipo de ítem Koha
    Dewey Decimal Classification   Colección Dominicana Biblioteca Pública Metropolitana Salomé Ureña Biblioteca Pública Metropolitana Salomé Ureña 10/31/2024   BPMSU CD 304.66 R426p 2010 BPMSU24100044 10/31/2024 10/31/2024 Libros